00605nam a22001457a 4500003000400000005001700004008004100021040001400062100003100076245015600107260000900263300003200272500012900304504002600433OSt20171010095535.0121008t xxu||||| |||| 00| 0 eng d aMMSUcULS aMaligsa, Arjay S., et al.  aImprovement of smart signal coverage through the establishment of a base transceiver station at Lipay, Vintar, Ilocos Norte cArjay S. Maligsa, et al.  c2008 axiv, [101] leaves c28 cm.  aThesis (BS Electronics & Communications Engineering) -- Mariano Marcos State University-College of Engineering, Batac City  aBibliography: leaf 47